000 00489nmm a2200157Ia 4500
008 251105s9999||||xx |||||||||||||||||und||
020 _a9781558854284
041 _aspa
_aeng
100 _aVillaseñor, Victor
245 0 _aMother Fox and Mr. Coyote = Mamá Zorra y Don Coyote
264 _a[Washington, Estados Unidos] :
_bArte Público Press,
_c2004
300 _a32 páginas
650 _aAges 6-8 Years Old
856 _uhttps://public.digitaliapublishing.com/a/23167
942 _cCF
999 _c74772
_d74772